|
|
|
|
| LEADER |
00989nam a22002177a 4500 |
| 003 |
GR-PaULI |
| 005 |
20210117211008.0 |
| 007 |
ta |
| 008 |
191030| ||||f |||| 00| 0 eng d |
| 952 |
|
|
|0 0
|1 0
|2 lcc
|4 0
|6 HD7255
|7 1
|9 236653
|a MEDI
|b MEDI
|c DON
|d 2019-10-30
|i 1410
|l 0
|o HD7255
|p 025000175676
|r 2019-10-30 00:00:00
|t 1
|v 2019.00
|w 2019-10-30
|y BKN
|z Δωρεά Β. Βαλαώρα (αίθουσα δωρεών)
|
| 999 |
|
|
|c 143194
|d 143194
|
| 040 |
|
|
|a GR-PaULI
|b gre
|c GR-PaULI
|e AACR2
|
| 060 |
|
|
|a HD7255
|
| 245 |
0 |
0 |
|a Eighth world congress :
|b program, August 28-September 2, Waldorf-Astroria, New York City /
|c International Society for the Welfare of Cripples.
|
| 260 |
|
|
|a [χ.τ.] :
|b [χ.ό.],
|c [χ.χ.].
|
| 300 |
|
|
|a 144 σ. ;
|c 22 εκ.
|
| 650 |
|
4 |
|9 6207
|a Κοινωνική πρόνοια
|x Άτομα με ειδικές ανάγκες
|
| 650 |
|
4 |
|9 113055
|a Συνέδρια
|
| 710 |
2 |
|
|9 178597
|a International Society for the Welfare of Cripples
|
| 942 |
|
|
|2 lcc
|c BKN
|
| 998 |
|
|
|c ΜΑΝΙΑΚΗ
|d 2019
|